| 000 | 00580nam a2200133Ia 4500 | ||
|---|---|---|---|
| 008 | 160809s9999 xx 000 0 und d | ||
| 100 | _aSing, Tan. | ||
| 245 | _aTHE BALANCE CONTROL OF CHILDREN WITH AND WITHOUT HEARING IMPAIRMENT IN SINGAPORE - A CASE STUDY | ||
| 245 | _cTan Sing Yee Jernice Karen P. Nonis Chow Jia Yi National Institute of Education, National Technological University, Singapore. | ||
| 260 | _bInternational Journal of Special Education | ||
| 260 | _c2011 | ||
| 650 | _xSPECIAL EDUCATION | ||
| 856 | _uhttp://www.internationaljournalofspecialed.com/issues.php | ||
| 999 |
_c300441 _d300441 |
||